| 000 | 01116cam a2200169 4500 | ||
|---|---|---|---|
| 082 |
_a923.155 _bFRA |
||
| 100 | 1 |
_aFraser, James, _950398 |
|
| 245 | 1 | 4 |
_aThe history of Nadir Shah _bformerly called Thamas Kuli Khan, the present emperor of Persia. ... At the end is inserted, a catalogue of about two hundred manuscripts in the Persic and other Oriental languages, collected in the East. By James Fraser. |
| 260 |
_aLondon : _bprinted by W. Strahan, for the author: and sold by G. Strahan, and J. Brotherton; J. Oswald and J. Davidson; S. Austin; T. Longman, and C. Hitch [and 6 others in London], _c1742. |
||
| 300 |
_a[2],vi,234,[6];40p.,plates : _bport.,map ; _c8⁰. |
||
| 500 | _aAnother issue of this work was published in 1742 with the imprint: London: printed by W. Strahan, for the author; and sold by G. Strahan and J. Brotherton; S. Austin; A. Millar; J. Palairet; and J. Stagg. | ||
| 500 | _aReproduction of original from the British Library. | ||
| 526 |
_a0 _b0 _c0 _d923_155000000000000_FRA |
||
| 650 |
_aMCE _9379 |
||
| 856 | 4 | 0 | _uhttp://www.columbia.edu/cgi-bin/cul/resolve?clio5188480 |
| 942 |
_2ddc _cBK |
||
| 999 |
_c553126 _d553126 |
||